Guía práctica de la perfección cristiana / (Record no. 133941)

MARC details
000 -LEADER
campo de control de longitud fija 00623nam a2200193 i 4500
001 - NÚMERO DE CONTROL
campo de control 133941
003 - IDENTIFICADOR DE NÚMERO DE CONTROL
campo de control ES-MaACL
005 - FECHA Y HORA DE LA ÚLTIMA TRANSACCIÓN
campo de control 20230906194550.0
007 - CAMPO FIJO DE DESCRIPCIÓN FÍSICA--INFORMACIÓN GENERAL
campo de control de longitud fija t|
008 - DATOS DE LONGITUD FIJA--INFORMACIÓN GENERAL
campo de control de longitud fija 070904s1959 sp ||||1| spa d
100 1# - ENTRADA PRINCIPAL--NOMBRE DE PERSONA
Nombre de persona Wallenstein, Anton.
9 (RLIN) 115960
245 10 - MENCIÓN DEL TÍTULO
Título Guía práctica de la perfección cristiana /
Mención de responsabilidad, etc. Antonio Wallenstein ; [versión española por P. Juan Meseguer Fernández].
250 ## - MENCION DE EDICION
Mención de edición 2ª ed.
260 ## - PUBLICACIÓN, DISTRIBUCIÓN, ETC.
Lugar de publicación, distribución, etc. Barcelona :
Nombre del editor, distribuidor, etc. Herder,
Fecha de publicación, distribución, etc. 1959.
300 ## - DESCRIPCIÓN FÍSICA
Extensión 318 p. ;
Dimensiones 19 cm.
650 ## - PUNTO DE ACCESO ADICIONAL DE MATERIA--TÉRMINO DE MATERIA
Término de materia o nombre geográfico como elemento de entrada Perfección cristiana.
9 (RLIN) 136680
700 1# - ENTRADA AGREGADA--NOMBRE PERSONAL
Nombre de persona Meseguer Fernández, Juan.
9 (RLIN) 80658
852 ## - LOCALIZACIÓN
Ubicación ES-MaACL
Número de control de estantería C-18886
Sublocalización o colección R.46459
Holdings
Estatus retirado Estado de pérdida Estado de daño No para préstamo Biblioteca de origen Biblioteca actual Ubicación en estantería Fecha de adquisición Fuente de adquisición Total de préstamos Signatura topográfica completa Código de barras Visto por última vez Precio de reemplazo Tipo de ítem Koha
        Biblioteca del Ateneo de Madrid Biblioteca del Ateneo de Madrid Galería 17/01/2008     C-18886 1139424 23/02/2023 23/02/2023 Libro impreso